| 000 | 00555nam a22001937a 4500 | ||
|---|---|---|---|
| 005 | 20251108172115.0 | ||
| 008 | 250721s1996 xx 000 0 ara d | ||
| 082 | 1 | 4 | _a923.5/صلا |
| 100 | 1 | _aالصلال، عايدة | |
| 245 | 1 | 0 | _aصلاح الدين الأيوبي / |
| 264 | 1 |
_aعمان : _bدار الإسراء، _c1996. |
|
| 300 | _a96ص | ||
| 490 | 0 | _aأعلام المشاهير ؛ 2 | |
| 650 | 1 | 7 | _aأدب الأطفال |
| 650 | 1 | 7 | _aالتراجم |
| 650 | 1 | 7 | _aالقادة العسكريون |
| 942 |
_2ddc _cBK |
||
| 999 |
_c70632 _d70632 |
||